00452nam a2200157 a 450000100100000000500170001000800410002702000150006804000250008308200130010810000230012124500810014425000120022526000360023730000210027300002496820200930023459.0110201s2000 ag r 000 0 spa d a9505563949 aDO-SdBNPbspacBNPHU ann*bnn*1 aRottenberg, Juana.14aLos nietos nos miran :bla abuelitud a fines de milenio /cJuana Rottenberg. a13a ed. aBuenos Aires :bGalerna,c2000. a125 p. ;c19 cm.